000 00348nam a2200145Ia 4500
008 241014s9999||||xx |||||||||||||| ||und||
020 _a978032363999-6
060 _aQT 4 .H35
100 _aHall,John E
245 0 _aGuyton abd Hall Physiology Review
250 _a4th
260 _bElsevier
_c2021
650 _aPhysiology
942 _bDIDC
_cBK
999 _c6134
_d6134